Normal view
MARC view
Entry Personal Name
001 - CONTROL NUMBER
- control field: 160864
003 - CONTROL NUMBER IDENTIFIER
- control field: OSt
005 - DATE AND TIME OF LATEST TRANSACTION
- control field: 20220923211559.0
008 - FIXED-LENGTH DATA ELEMENTS
- fixed length control field: 220923|| aca||aabn | a|a d
040 ## - CATALOGING SOURCE
- Original cataloging agency: OSt
- Transcribing agency: OSt
100 ## - HEADING--PERSONAL NAME
- Personal name: शर्मा, चतुर्थी लाल, ले
670 ## - SOURCE DATA FOUND
- Source citation: Work cat.: (OSt)300998: शर्मा, चतुर्थी लाल, ले., अनुष्ठान प्रकाश, 2018
